Statistics for The Ultimate Silmarillion Character Quiz

Click here to take the quiz!

General Stats

  • This quiz has been taken 981 times
    (623 since last reset)
  • The average score is 83 of 212

Answer Stats

Answer % Correct
Morgoth Bauglir
97%
Sauron Gorthaur
95%
Eru Ilúvatar
95%
Manwë
93%
Fëanor
90%
Fingolfin
89%
Galadriel
89%
Olórin
87%
Elrond
84%
Beren Echamion
83%
Yavanna
83%
Túrin Turambar
83%
Varda
82%
Elwë (Thingol)
82%
Ulmo
82%
Finwë
82%
Lúthien Tinúviel
81%
Aulë
81%
Finarfin
80%
Námo (Mandos)
80%
Maedhros
79%
Húrin Thalion
78%
Melian
78%
Curunír
78%
Oromë
78%
Tulkas
78%
Fingon
76%
Turgon
75%
Finrod Felagund
74%
Beör the Old
74%
Tilion
74%
Elros Tar-Minyatur
73%
Curufin the Crafty
73%
Celeborn
72%
Eärendil
71%
Glaurung
70%
Tuor
70%
Maglor
67%
Celebrimbor
67%
Nienna
67%
Gothmog
66%
Huan
66%
Frodo the Halfling
66%
Irmo (Lórien)
65%
Glorfindel
65%
Huor
65%
Celegorm the Fair
65%
Caranthir the Dark
64%
Ereinion (Gil-Galad)
64%
Amras
63%
Isildur
63%
Tar-Elendil
63%
Maeglin
63%
Elwing
63%
Haleth
63%
Amrod
63%
Elendil
63%
Idril Celebrindal
62%
Ancalagon
62%
Beleg Cúthalion
62%
Radagast
62%
Hador Lórindol
61%
Arien
61%
Eöl
61%
Aragorn
60%
Thorondor
60%
Dior Eluchíl
59%
Olwë
59%
Durin
57%
Nessa
57%
Mîm
57%
Ungoliant
57%
Ingwë
55%
Nienor Níniel
54%
Míriel Serindë
54%
Tar-Míriel
54%
Orodreth
53%
Vána
53%
Ar-Pharazôn the Golden
53%
Barahir
53%
Indis
52%
Morwen Eledhwen
52%
Aredhel
51%
Bór
51%
Aegnor
51%
Eönwë
50%
Ossë
50%
Ecthelion
50%
Círdan
49%
Estë
47%
Vairë
46%
Angrod
46%
Denethor
46%
Anárion
43%
Finduilas
43%
Arathorn
42%
Boromir
42%
Uinen
41%
Nerdanel
39%
Carcharoth
39%
Thranduil
38%
Mablung
36%
Eärwen
36%
Haldir
33%
Elenwë
32%
Thuringwethil
32%
Tar-Palantir
32%
Ulfang the Black
30%
Nimloth
29%
Voronwë
29%
Galdor
29%
Gwindor
29%
Saeros
28%
Daeron
28%
Ilmarë
27%
Eluréd
27%
Brandir
27%
Rían
27%
Lalaith
26%
Elurín
26%
Bregolas
26%
Azaghâl
24%
Mahtan
24%
Khîm
24%
Draugluin
24%
Amarië
23%
Nahar
23%
Salmar
23%
Rochallor
22%
Amandil
21%
Belegund
21%
Baragund
20%
Ulfast
20%
Gelmir (son of Guilin)
20%
Gelmir (friend of Arminas)
20%
Uldor the Accursed
20%
Telchar
19%
Gildor
19%
Brodda
19%
Rúmil
18%
Baran
18%
Haldad
17%
Handir
17%
Hareth
17%
Ibun
17%
Valandil
16%
Bregor
15%
Guilin
15%
Elemmirë
14%
Marach
14%
Eärnur
13%
Aranwë
13%
Silmarien
13%
Haldar
13%
Tar-Minastir
13%
Boron
13%
Halmir
13%
Ulwarth
12%
Hunthor
12%
Lenwë
12%
Haldan
12%
Borlad
12%
Gundor
12%
Aerin
11%
Glóredhel
11%
Arminas
11%
Meneldil
11%
Malach Aradan
11%
Borlach
11%
Ar-Gimilzôr
11%
Gorlim
11%
Eärnil
10%
Dorlas
10%
Eärendur
10%
Annael
10%
Gimilkhâd
10%
Eärendur
10%
Borthand
9%
Ciryon
9%
Emeldir
9%
Elendur
8%
Tar-Ciryatan
8%
Ar-Adûnakhor
8%
Imlach
8%
Ragnor
8%
Amlach
8%
Ohtar
7%
Aerandir
7%
Arthad
7%
Aratan
7%
Berech
7%
Magor
7%
Angrim
7%
Inzilbêth
6%
Tar-Atanamir
6%
Falathar
6%
Herumon
6%
Edrahil
6%
Erellont
6%
Eilinel
5%
Tar-Ancalimon
5%
Fuinur
5%
Telemnar
5%
Hathol
5%
Urthel
5%
Dairuin
4%
Hathaldir
4%
Dagnir
4%
Lindórië
4%
Glirhuin
4%
Radhruin
4%
Ar-Sakalthôr
4%

Score Distribution

Percentile by Number Answered

Percent of People with Each Score

Your Score History

You have not taken this quiz since the last reset